| 000 | 00973nam a2200265 i 4500 | ||
|---|---|---|---|
| 005 | 20200104041608.0 | ||
| 008 | 160112s2007 xx |q||| |||| 00| 0 dpa d | ||
| 040 |
_aCO-BoIAVH _cCO-BoIAVH |
||
| 041 | _aeng | ||
| 044 | _axxu | ||
| 082 | 0 | 4 |
_a333.72 _bB19g |
| 100 | 1 | _aBalloffet, Nicole M. | |
| 245 | 1 | 0 |
_aGovernance trends in protected areas : _bexperiences from the parks in Peril Program in Latin American and the Caribbean / _cNicole M. Balloffet and Angela Sue Martin. |
| 260 |
_aArlington : _bNature Conservancy, _c2007. |
||
| 300 |
_a44 páginas ; _c28 cm. |
||
| 490 | 0 | 0 | _aParks in peril |
| 650 | 1 | 4 | _aConservación de la naturaleza |
| 650 | 2 | 4 | _aProtección del medio ambiente |
| 650 | 2 | 4 |
_aDiversidad biológica _xConservación |
| 650 | 2 | 4 | _aConservación biológica |
| 650 | 2 | 4 | _aGestión ambiental |
| 650 | 2 | 4 | _aPolítica ambiental |
| 700 | 1 |
_aMartin, Angela Sue, _eautora. |
|
| 942 |
_cLIBRO _2ddc |
||
| 999 |
_c6303 _d6303 |
||